000 00271nam a22001097a 4500
999 _c13947
_d13947
100 _aSteven C. Chapra ; Raymond P. Canale
245 _aNumerical Methods for Engineers
250 _aSeventh Edition
260 _aNew York
_bMcGraw Hill
_c2015
300 _a970
942 _cBK